000
00344nam a2200145Ia 4500
100
_a
Perry/ Gerg
942
_c
BK
654
_a
Visual Basic 6
245
_a
Teach Yourself Visual Basic 6 in 21 days
260
_b
Tech Media Publications
_a
New Delhi
_c
2000
082
_a
005.133'VB6
_b
PER
300
_a
851
546
_a
ENGLISH
999
_c
30004
_d
30004